| 000 | 00764cam a2200229 4500 | ||
|---|---|---|---|
| 001 | ABS62350 | ||
| 008 | 000000n2000 000 0 eng u | ||
| 035 | _a(Sirsi) u106306 | ||
| 100 | _aVivian, J. | ||
| 245 | _aCalling for sweet surrender | ||
| 260 | _c2000 | ||
| 490 |
_aProperty Week _v 65(12) 19 May 2000, 70-71(2) |
||
| 520 | _aThe Budget has forced landlords and tenants to re-assess their positions on the surrender of leases. Highlights the changes, and considers the implications of relinquishing a lease. | ||
| 590 | _aABS | ||
| 650 | _aLEASES | ||
| 650 | _aLUBBOCK FINE & CO V CUSTOMS & EXCISE COMMISSIONERS | ||
| 650 | _aBUDGET 2000 | ||
| 650 | _aSURRENDER | ||
| 690 | _aLANDLORD AND TENANT-LEASES | ||
| 700 | _aWhite, G. | ||
| 942 | _n0 | ||
| 999 |
_c63666 _d63666 |
||